| Поле | Название | Значение |
| |
Тип записи |
i |
| |
Библиографический уровень |
m |
| 001 |
Контрольный номер |
RU/IS/BASE/481997941 |
| 005 |
Дата корректировки |
20201206204942.4 |
| 010 |
Индекс ISBN |
__ |
| d |
Цена |
206-55 |
| 100 |
Данные общей обработки |
__ |
| a |
Данные общей обработки |
19150410d2013||||||| 0rusy0189 ca |
| 101 |
Язык документа |
0_ |
| a |
Язык текста |
rus |
| 102 |
Страна публикации |
__ |
| a |
Страна публикации |
ru| |
| 105 |
Кодированные данные (монография) |
__ |
| a |
Кодированные данные (монография) |
an|||||||k|zy |
| 127 |
Кодированные данные (звукозаписи-физические характеристики) |
__ |
| a |
Продолжительность проигрывания |
1 ч 20 мин |
| 200 |
Заглавие и сведения об ответственности |
1_ |
| a |
Заглавие |
Часы с кукушкой |
| e |
Сведения, относящиеся к заглавию |
[лирическая комедия : аудиокнига : 16+] |
| f |
Первые сведения об ответственности |
Леонид Филатов ; [автор идеи, сценарист, режиссер Юрий Доронин ; композитор Андрей Мороз ; читают: Ирина Дитц и др.] |
| b |
Общее обозначение материала |
Звукозапись |
| 210 |
Выходные данные |
__ |
| a |
Место издания |
Москва |
| c |
Издательство |
Аудиокнига |
| d |
Дата издания |
2013 |
| 215 |
Физическое описание |
__ |
| a |
Объем |
1 электрон. опт. диск (Audio CD) |
| c |
Иллюстрации/тип воспроизводства |
mp3 |
| d |
Формат |
12х14 см |
| 225 |
Серия |
__ |
| a |
Серия |
Аудиокнига |
| 230 |
Специфическая характеристика материала: электронные ресурсы |
__ |
| a |
Обозначение и объем ресурса |
Электронные звуковые данные |
| 323 |
Примечание о главных создателях, исполнителях, участниках |
__ |
| a |
Примечание о главных создателях, исполнителях, участниках |
Дитц, И. (читает) |
| 323 |
Примечание о главных создателях, исполнителях, участниках |
__ |
| a |
Примечание о главных создателях, исполнителях, участниках |
Воробьев, В. (читает) |
| 323 |
Примечание о главных создателях, исполнителях, участниках |
__ |
| a |
Примечание о главных создателях, исполнителях, участниках |
Бездушный, С. (читает) |
| 330 |
Аннотация |
__ |
| a |
Аннотация |
Представьте себе: вы сидите, уткнувшись в телевизор, а жена каждый вечер пилит и пилит вас: "скучно живем, ни театра. Ни кино, ни концертов, даже в гости не ходим, да и к нам - никто…" Чем это может кончиться? Понятно чем: является однажды в дом полуночный гость, и скучать сразу некогда. Так становится весело, что и до развода недалеко. Смешная бытовая история оказывается на поверку глубокой философской притчей. |
| 333 |
Примечание о целевом назначении |
__ |
| a |
Примечание о целевом назначении |
16+. Для детей старше 16 лет |
| 337 |
Примечание о системных требованиях (электронные ресурсы) |
__ |
| a |
Примечание о системных требованиях (электронные ресурсы) |
Системные требования: CD-плеер с поддержкой MP3 ; Pentium-233 ; Windows 9x-XP ; CD-ROM ; звуковая карта |
| 606 |
Тематические рубрики |
__ |
| a |
Основная рубрика |
Художественная литература |
| 606 |
Тематические рубрики |
__ |
| a |
Основная рубрика |
Русская литература XX в. (произведения) |
| 610 |
Ключевые слова |
__ |
| a |
Ключевые слова |
комедии |
| a |
Ключевые слова |
лирические комедии |
| a |
Ключевые слова |
пьесы |
| a |
Ключевые слова |
тема взаимоотношений |
| a |
Ключевые слова |
тема дружбы |
| a |
Ключевые слова |
тема женщины |
| a |
Ключевые слова |
тема любви |
| a |
Ключевые слова |
тема семьи |
| 686 |
Индексы других классификаций |
__ |
| 2 |
Код системы |
rubbks |
| a |
Классификационный индекс |
84(2=411.2)6-6я04 |
| 700 |
Автор |
_1 |
| a |
Фамилия |
Филатов |
| b |
Имя |
Л. А. |
| f |
Даты |
1946-2003 |
| g |
Полное личное имя |
Леонид Алексеевич |
| 4 |
Код отношения |
070 |
| 702 |
Вторичная интеллектуальная ответственность |
_1 |
| a |
Фамилия |
Доронин |
| b |
Имя |
Ю. |
| 4 |
Код отношения |
Автор идеи |
| g |
Полное личное имя |
Юрий |
| 4 |
Код отношения |
245 |
| 4 |
Код отношения |
690 |
| 4 |
Код отношения |
070 |
| 702 |
Вторичная интеллектуальная ответственность |
_1 |
| a |
Фамилия |
Мороз |
| b |
Имя |
А. |
| 4 |
Код отношения |
Композитор |
| g |
Полное личное имя |
Андрей |
| 4 |
Код отношения |
230 |
| 801 |
Источник записи |
_0 |
| a |
Страна |
ru |
| b |
Организация |
Муниципальное бюджетное учреждение культуры "Централизованная библиотечная система" г. Сургут (Центральная городская библиотека им. А. С. Пушкина) |
| c |
Дата составления |
20150410 |
| g |
Правила каталогизации |
КиК/Апакова |
| 801 |
Источник записи |
_1 |
| a |
Страна |
ru |
| b |
Организация |
Муниципальное бюджетное учреждение культуры "Централизованная библиотечная система" г. Сургут (Центральная городская библиотека им. А. С. Пушкина) |
| c |
Дата составления |
20150410 |
| g |
Правила каталогизации |
КиК/Апакова |
| 852 |
Данные о местонахождении |
__ |
| j |
Шифр хранения |
84(2=411.2)6-6я04 |
| i |
Авторский знак |
Ф 51 |
| 901 |
Тип документа |
__ |
| t |
Тип документа |
0 |
| 903 |
Характеристики (МАРС) |
__ |
| a |
Дата передачи |
20150410 |
| 969 |
Тип издания |
__ |
| a |
Тип издания |
аудиокнига; издание для слепых |
| 990 |
Данные о заказе (DOS) |
__ |
| j |
Количество экземпляров (DOS) |
2 |
| t |
N записи в КСУ для И/У (DOS) |
201504 |